000 00674cam a22002051 4500
001 f 01003562
003 DLC
005 20260227111247.0
008 760812s1854 fr b 000 0 fre
010 _af 01003562
035 _a(OCoLC)2368520
040 _aDLC
_cAzU
_dAzU
_dDLC
042 _apremarc
050 0 0 _aDS709
_b.J95
100 2 _aJurien de La Gravière, Jean Pierre Edmond,
_d1812-1892.
245 1 0 _aVoyage en Chine et dans les mers et archipels de cet empire pendant les années 1847-1848-1849-1850;
_cpar Jurien de La Graviére
260 _aParis,
_bCharpentier,
_c1854.
300 _a2 v.
_bfold. map.
_c18 cm.
651 0 _aChina
_xDescription and travel.
999 _c23120
_d23120